[Event "Ivrea Eporediese op 29th"]
[Site "Ivrea"]
[Date "2012.03.01"]
[Round "6"]
[White "Motto, Alexis"]
[Black "Chiarotto, Filippo"]
[Result "0-1"]
[WhiteElo "1709"]
[BlackElo "2082"]
[PlyCount "66"]
[EventDate "2012.01.26"]
[EventType "swiss"]
[EventRounds "9"]
[EventCountry "ITA"]
[SourceTitle "EXT 2014"]
[Source "ChessBase"]
[SourceDate "2013.11.20"]
[SourceVersion "1"]
[SourceVersionDate "2013.11.20"]
[SourceQuality "1"]

1. d4 d5 2. Nf3 c6 3. c4 Nf6 4. Nc3 a6 5. e3 Bg4 6. Qb3 Bc8 7. Bd3 e6 8. 0-0 Bd6 9. Bd2 Nbd7 10. cxd5 exd5 11. Rac1 0-0 12. Rfe1 Re8 13. Qc2 Nf8 14. h3 Ng6 15. e4 dxe4 16. Nxe4 Nxe4 17. Bxe4 Be6 18. a3 Rc8 19. Ng5 Bd7 20. Qc4 Qf6 21. Qd3 h6 22. Nf3 Nf4 23. Bxf4 Qxf4 24. Qe3 Qxe3 25. Rxe3 Bf4 26. Ne5 Bxe3 27. fxe3 Be6 28. Rf1 f6 29. Ng6 Bf7 30. Bf5 Bxg6 31. Bxg6 Rxe3 32. Rc1 Rd8 33. Kf2 Rb3 0-1